000 00680nam a22001817a 4500
005 20231117133158.0
008 231117b |||||||| |||| 00| 0 eng d
020 _a070210972 X
041 _aEnglish
082 _a343.4 SIL
100 _aSilke, AS ; Divaris, C and Stein ML
_lEnglish
245 _aSilke on South African Income Tax :
_bBeing an Exposition of the Law, Practice and Incidence of Income Tax in South Africa /
_cAS Silke, C Divaris and ML Stein
250 _aNinth Edition
260 _aCape Town :
_bJuta and Company Limited,
_c1978
300 _bxl, 1528 pages ;
_c26 cm.
650 _aLegal practice
_bLaw
942 _cBK
_6ALISON_BN_VRIES
999 _c772
_d772